[Event "2. Bundesliga West 2009/20010"]
[Site "Kufstein"]
[Date "2009.11.28"]
[Round "5"]
[Board "3"]
[White "Hecht, Hans-Joachim"]
[Black "Eybl, Alexander"]
[Result "1-0"]
[WhiteElo "2381"]
[BlackElo "2259"]
[PlyCount "87"]
[EventDate "2009.10.23"]
[EventType "team"]
[EventRounds "11"]
[EventCountry "AUT"]
[WhiteTeam "Sparkasse Schwarzach"]
[BlackTeam "Rochade Rum"]

1.d4 Nf6 2.c4 e6 3.Nc3 Bb4 4.e3 O-O 5.Nge2 d5 6.a3 Bd6 7.c5 Be7 8.Nf4 c6 9.Nd3
b6 10.b4 a5 11.Bd2 Nbd7 12.Be2 Ba6 13.O-O Ne4 14.Qc2 Nxd2 15.Qxd2 bxc5 16.bxc5
e5 17.Nxe5 Nxe5 18.Bxa6 Rxa6 19.dxe5 Bxc5 20.Na4 Ba7 21.Rac1 Re8 22.Qd3 Qc8
23.e4 dxe4 24.Qxe4 c5 25.Nb2 Rg6 26.Nc4 Bb8 27.f4 Qg4 28.Rcd1 h6 29.Rd3 f5
30.Qd5+ Kh7 31.Rg3 Qe2 32.Rxg6 Kxg6 33.Rd1 Kh7 34.h3 Bc7 35.Qd3 Qh5 36.g4 Qh4
37.Qxf5+ Kh8 38.Kg2 Rb8 39.Qh5 Qe7 40.Qg6 Rb3 41.Rd3 Rxd3 42.Qxd3 Qe6 43.Qe4 Qd7
44.e6

[Event "2. Bundesliga West 2009/20010"]
[Site "Kufstein"]
[Date "2009.11.28"]
[Round "5"]
[Board "4"]
[White "Hengl, Christian"]
[Black "Hrvacic, Pavle"]
[Result "1-0"]
[WhiteElo "2225"]
[BlackElo "2304"]
[PlyCount "75"]
[EventDate "2009.10.23"]
[EventType "team"]
[EventRounds "11"]
[EventCountry "AUT"]
[WhiteTeam "Rochade Rum"]
[BlackTeam "Sparkasse Schwarzach"]

1.e4 d6 2.Nc3 e5 3.Nf3 Nf6 4.d4 Nbd7 5.g3 Be7 6.Bg2 O-O 7.O-O c6 8.Qe2 b5 9.Rd1
Qc7 10.d5 b4 11.dxc6 bxc3 12.cxd7 Bxd7 13.b3 Bc6 14.Nh4 g6 15.a4 Qb7 16.Bg5 Rac8
17.Rd3 Qb4 18.Re1 Kg7 19.Bh3 Rc7 20.Qe3 Nxe4 21.Bxe7 Rxe7 22.f3 Nc5 23.Nf5+ gxf5
24.Qg5+ Kh8 25.Qxe7 Re8 26.Qf6+ Kg8 27.Rxd6 Bxf3 28.Rxe5 Ne6 29.Rxf5 Bh5 30.Rxe6
Rxe6 31.Rg5+ Bg6 32.Bxe6 Qb6+ 33.Kg2 Qc6+ 34.Kh3 fxe6 35.b4 Qc4 36.Rc5 Qa6 37.b5
Qb7 38.Qd8+

[Event "2. Bundesliga West 2009/20010"]
[Site "Kufstein"]
[Date "2009.11.28"]
[Round "5"]
[Board "5"]
[White "Ljubic, Juro"]
[Black "Jedinger, Andreas"]
[Result "1/2-1/2"]
[WhiteElo "2237"]
[BlackElo "2170"]
[PlyCount "44"]
[EventDate "2009.10.23"]
[EventType "team"]
[EventRounds "11"]
[EventCountry "AUT"]
[WhiteTeam "Sparkasse Schwarzach"]
[BlackTeam "Rochade Rum"]

1.e4 e5 2.Nc3 Nf6 3.f4 d5 4.fxe5 Nxe4 5.Qf3 f5 6.d3 Nxc3 7.bxc3 d4 8.Bd2 Nc6
9.Qf2 Qd5 10.Nf3 Bc5 11.c4 Qe6 12.Qg3 O-O 13.Be2 Bd7 14.O-O Rad8 15.Bf4 Qg6
16.Qf2 Bb6 17.Rab1 Be6 18.Rfe1 h6 19.Bf1 Qg4 20.Bd2 Qg6 21.Bf4 Qg4 22.Bd2 Qg6

[Event "2. Bundesliga West 2009/20010"]
[Site "Kufstein"]
[Date "2009.11.28"]
[Round "5"]
[Board "6"]
[White "Muehlbacher, Bernhard"]
[Black "Klinger, Josef Sen."]
[Result "1/2-1/2"]
[WhiteElo "2156"]
[BlackElo "1984"]
[PlyCount "58"]
[EventDate "2009.10.23"]
[EventType "team"]
[EventRounds "11"]
[EventCountry "AUT"]
[WhiteTeam "Rochade Rum"]
[BlackTeam "Sparkasse Schwarzach"]

1.c4 g6 2.g3 c6 3.Bg2 d6 4.Nc3 e5 5.e3 Nh6 6.Nge2 f5 7.d4 Bg7 8.O-O O-O 9.Rb1
Be6 10.d5 cxd5 11.Nxd5 Nf7 12.b3 Nc6 13.Qd2 Qd7 14.Bb2 Rfd8 15.Rfd1 Rac8 16.Nec3
e4 17.Nb5 Nfe5 18.Nf4 Bf8 19.Nd4 Bf7 20.Nxc6 Qxc6 21.Qe2 g5 22.Nd5 g4 23.Rbc1
Kg7 24.Bxe4 fxe4 25.Qxg4+ Bg6 26.Qg5 Qe8 27.f4 exf3 28.Rf1 Qf7 29.Rf2 Kh8

[Event "2. Bundesliga West 2009/20010"]
[Site "Kufstein"]
[Date "2009.11.29"]
[Round "6"]
[Board "1"]
[White "Neuschmied, Siegfried"]
[Black "Prusikin, Michael"]
[Result "1/2-1/2"]
[WhiteElo "2282"]
[BlackElo "2534"]
[PlyCount "112"]
[EventDate "2009.10.23"]
[EventType "team"]
[EventRounds "11"]
[EventCountry "AUT"]
[WhiteTeam "Hypo Kufstein"]
[BlackTeam "Wuestenrot Sbg SIR"]

1.e4 e6 2.d4 d5 3.Nd2 Be7 4.Bd3 c5 5.c3 cxd4 6.cxd4 dxe4 7.Nxe4 Nf6 8.Nf3 Nc6
9.a3 O-O 10.Be3 Nd5 11.O-O b6 12.Rc1 Bb7 13.Qe2 Rc8 14.Rc2 Nxe3 15.Qxe3 Qd5
16.Nc3 Qh5 17.Rfc1 Na5 18.Ne4 Qd5 19.Nc3 Qd8 20.Ne4 Qd5 21.b4 Rxc2 22.Rxc2 Nc6
23.Bc4 Qh5 24.Ng3 Qh6 25.Qxh6 gxh6 26.d5 exd5 27.Bxd5 Nxb4 28.Rc7 Nxd5 29.Rxb7
a5 30.a4 Rc8 31.h3 Bd6 32.Rd7 Bxg3 33.fxg3 Rc1+ 34.Kh2 Ne3 35.g4 Nf1+ 36.Kg1
Nd2+ 37.Kf2 Nxf3 38.gxf3 Rc6 39.Kg3 Kg7 40.Rd5 Kg6 41.Rb5 Rf6 42.f4 Rc6 43.Kh4
Kg7 44.f5 h5 45.g5 Rc5 46.Rxb6 Rxf5 47.Kxh5 Rf4 48.Ra6 Rxa4 49.h4 Ra1 50.Ra7 a4
51.Ra5 a3 52.Rf5 a2 53.Rf2 Kf8 54.Rh2 Kg7 55.Rf2 Kf8 56.Rh2 Kg7

[Event "2. Bundesliga West 2009/20010"]
[Site "Kufstein"]
[Date "2009.11.29"]
[Round "6"]
[Board "2"]
[White "Bromberger, Stefan"]
[Black "Astl, Peter"]
[Result "1-0"]
[WhiteElo "2510"]
[BlackElo "2248"]
[PlyCount "59"]
[EventDate "2009.10.23"]
[EventType "team"]
[EventRounds "11"]
[EventCountry "AUT"]
[WhiteTeam "Wuestenrot Sbg SIR"]
[BlackTeam "Hypo Kufstein"]

1.e4 c6 2.d4 d5 3.Nc3 dxe4 4.Nxe4 Nd7 5.Ng5 Ngf6 6.Bd3 e6 7.N1f3 Bd6 8.Qe2 h6
9.Ne4 Nxe4 10.Qxe4 Qc7 11.O-O b6 12.Qg4 Kf8 13.Re1 Bb7 14.b3 Nf6 15.Qh3 Nd5
16.Ne5 c5 17.c4 Nb4 18.Bf4 Nc6 19.Nxf7 Bxf4 20.Nxh8 Nxd4 21.Ng6+ Kg8 22.Rxe6
Bxh2+ 23.Kh1 Bd6 24.Rae1 Bc6 25.Ne7+ Bxe7 26.Rxe7 Qf4 27.Qh5 Kf8 28.Be4 Be8
29.Bg6 Bc6 30.Rf7+

[Event "2. Bundesliga West 2009/20010"]
[Site "Kufstein"]
[Date "2009.11.29"]
[Round "6"]
[Board "3"]
[White "Steinbacher, Thomas"]
[Black "Riemelmoser, Franz"]
[Result "0-1"]
[WhiteElo "2059"]
[BlackElo "2291"]
[PlyCount "82"]
[EventDate "2009.10.23"]
[EventType "team"]
[EventRounds "11"]
[EventCountry "AUT"]
[WhiteTeam "Hypo Kufstein"]
[BlackTeam "Wuestenrot Sbg SIR"]

1.d4 e6 2.Nf3 Nf6 3.Bg5 d5 4.Nbd2 Be7 5.e3 c5 6.c3 Nc6 7.Bd3 O-O 8.O-O Qc7 9.Rc1
b6 10.Re1 Bb7 11.Qa4 c4 12.Bb1 e5 13.dxe5 Nxe5 14.Nxe5 Qxe5 15.Nf3 Qc7 16.Bxf6
Bxf6 17.Qc2 g6 18.Rcd1 b5 19.Nd4 Qb6 20.Qe2 b4 21.cxb4 Qxb4 22.Rd2 Rfe8 23.Red1
a5 24.Qg4 Ra6 25.h4 h5 26.Qg3 Kh8 27.Qc7 Re7 28.Qb8+ Kg7 29.Qg3 Bxd4 30.exd4
Rae6 31.Qc3 Qd6 32.g3 Bc8 33.Qxa5 Re1+ 34.Rxe1 Rxe1+ 35.Kg2 Rxb1 36.Re2 Bf5
37.Qd2 Qf6 38.f3 Bd3 39.Re5 Be4 40.Qc3 Qxf3+ 41.Qxf3 Rxb2+

[Event "2. Bundesliga West 2009/20010"]
[Site "Kufstein"]
[Date "2009.11.29"]
[Round "6"]
[Board "4"]
[White "Lickleder, Andreas"]
[Black "Kranewitter, Norbert"]
[Result "1-0"]
[WhiteElo "2242"]
[BlackElo "2076"]
[PlyCount "135"]
[EventDate "2009.10.23"]
[EventType "team"]
[EventRounds "11"]
[EventCountry "AUT"]
[WhiteTeam "Wuestenrot Sbg SIR"]
[BlackTeam "Hypo Kufstein"]

1.e4 c6 2.Nc3 d5 3.Nf3 Bg4 4.h3 Bxf3 5.Qxf3 e6 6.d3 Nf6 7.a3 a5 8.g3 a4 9.Bg2
Bc5 10.O-O Qb6 11.Qe2 O-O 12.e5 Nfd7 13.Kh2 Qc7 14.f4 f5 15.exf6 Rxf6 16.Bd2 Nf8
17.Rae1 Nbd7 18.Nd1 Re8 19.Nf2 Bd6 20.Bc3 Rf5 21.Ng4 Re7 22.d4 Ref7 23.h4 Nb6
24.Ne5 Bxe5 25.dxe5 Rd7 26.Bh3 Rff7 27.f5 Rde7 28.f6 Re8 29.Rf3 Nbd7 30.h5 c5
31.fxg7 Rxg7 32.Bd2 Ree7 33.Bf4 Rgf7 34.Kg2 Qc6 35.Kh2 d4 36.Bg2 Qa6 37.b3 Qa5
38.b4 cxb4 39.Bd2 Qc7 40.Bxb4 Rxf3 41.Qxf3 Rf7 42.Qg4+ Rg7 43.Qxd4 Qxc2 44.Re4
Rf7 45.Rg4+ Kh8 46.Rf4 Rf5 47.g4 Rxf4 48.Qxf4 Kg8 49.Bd6 b5 50.Qg5+ Kf7 51.Kg3
Qb1 52.Qe3 Qb3 53.Kf2 Qxe3+ 54.Kxe3 b4 55.Bxb4 Nxe5 56.g5 Nfd7 57.Be4 Kg7 58.Bc2
Nc4+ 59.Kd4 Ncb6 60.Be4 h6 61.Bd2 hxg5 62.Bxg5 e5+ 63.Kc3 Nc5 64.Bf5 Nb3 65.h6+
Kf7 66.h7 Nd5+ 67.Kc4 Nb6+ 68.Kb5

[Event "2. Bundesliga West 2009/20010"]
[Site "Kufstein"]
[Date "2009.11.29"]
[Round "6"]
[Board "5"]
[White "Zwanowetz, Thomas"]
[Black "Durakovic, Alman"]
[Result "0-1"]
[WhiteElo "1649"]
[BlackElo "2176"]
[PlyCount "58"]
[EventDate "2009.10.23"]
[EventType "team"]
[EventRounds "11"]
[EventCountry "AUT"]
[WhiteTeam "Hypo Kufstein"]
[BlackTeam "Wuestenrot Sbg SIR"]

1.e4 c5 2.d4 cxd4 3.Nf3 d6 4.Nxd4 Nf6 5.Nc3 a6 6.Be2 e5 7.Nf3 Be7 8.O-O O-O
9.Bg5 Be6 10.Qd2 Nbd7 11.Rad1 Rc8 12.Ne1 Qb6 13.Bxf6 Nxf6 14.Nd3 Rfd8 15.Kh1 d5
16.f3 h6 17.Qe1 d4 18.Na4 Qc6 19.Qa5 b5 20.Nb6 Rb8 21.Nd5 Bxd5 22.exd5 Nxd5
23.Nxe5 Qe6 24.f4 Bb4 25.Bg4 Qd6 26.Nc4 bxc4 27.Qa4 Ne3 28.c3 Nxf1 29.Rxd4 Qe7

[Event "2. Bundesliga West 2009/20010"]
[Site "Kufstein"]
[Date "2009.11.29"]
[Round "6"]
[Board "1"]
[White "Reich, Thomas"]
[Black "Juergens, Klaus"]
[Result "1-0"]
[WhiteElo "2368"]
[BlackElo "2162"]
[PlyCount "87"]
[EventDate "2009.10.23"]
[EventType "team"]
[EventRounds "11"]
[EventCountry "AUT"]
[WhiteTeam "Sparkasse Jenbach II"]
[BlackTeam "ASK Salzburg"]

1.d4 Nf6 2.Bf4 g6 3.Nf3 Bg7 4.e3 O-O 5.Be2 d6 6.h3 Nbd7 7.O-O Re8 8.Bh2 c6 9.c4
Qb6 10.Qc2 e5 11.Nc3 Nh5 12.Ne4 Bf8 13.c5 dxc5 14.dxe5 Ng7 15.Rfd1 Be7 16.Bc4
Nf8 17.Nd6 Bxd6 18.Rxd6 Be6 19.Ng5 Bxc4 20.Qxc4 Nge6 21.Ne4 Qxb2 22.Rad1 Qb4
23.Nf6+ Kh8 24.Qxb4 cxb4 25.Nxe8 Rxe8 26.Bg3 c5 27.f4 c4 28.e4 c3 29.f5 Nc5
30.R1d4 b3 31.axb3 Nxb3 32.Rd8 c2 33.Bf4 Nxd4 34.Rxe8 Ne2+ 35.Kh2 Nxf4 36.Rxf8+
Kg7 37.Rc8 Nd3 38.f6+ Kh6 39.e6 Ne5 40.exf7 Nxf7 41.Rxc2 Kg5 42.Rc7 Kxf6 43.Rxb7
h6 44.Rxa7

[Event "2. Bundesliga West 2009/20010"]
[Site "Kufstein"]
[Date "2009.11.29"]
[Round "6"]
[Board "2"]
[White "Loeffler, Christoph"]
[Black "Deglmann, Ludwig"]
[Result "1/2-1/2"]
[WhiteElo "2163"]
[BlackElo "2329"]
[PlyCount "57"]
[EventDate "2009.10.23"]
[EventType "team"]
[EventRounds "11"]
[EventCountry "AUT"]
[WhiteTeam "ASK Salzburg"]
[BlackTeam "Sparkasse Jenbach II"]

1.e4 c5 2.Nc3 Nc6 3.f4 e6 4.Nf3 d5 5.e5 Nh6 6.g3 Nf5 7.Bh3 Be7 8.d3 O-O 9.O-O f6
10.Ne2 Nfd4 11.Nexd4 cxd4 12.Qe2 Kh8 13.exf6 Bxf6 14.Ne5 Bxe5 15.fxe5 Rxf1+
16.Bxf1 Bd7 17.Bd2 Qb6 18.b3 Qc7 19.Re1 Rf8 20.Bh3 Kg8 21.a3 a5 22.Bf4 Ne7
23.Rf1 Ng6 24.Rf2 Rc8 25.a4 Nf8 26.Qf1 Ng6 27.Qe2 Nf8 28.Qf1 Ng6 29.Qe2

[Event "2. Bundesliga West 2009/20010"]
[Site "Kufstein"]
[Date "2009.11.29"]
[Round "6"]
[Board "3"]
[White "Micheli, Carlo"]
[Black "Navratil, Robert"]
[Result "1-0"]
[WhiteElo "2293"]
[BlackElo "2112"]
[PlyCount "31"]
[EventDate "2009.10.23"]
[EventType "team"]
[EventRounds "11"]
[EventCountry "AUT"]
[WhiteTeam "Sparkasse Jenbach II"]
[BlackTeam "ASK Salzburg"]

1.c4 e5 2.g3 Nf6 3.Bg2 d5 4.cxd5 Nxd5 5.Nc3 Nb6 6.Nf3 Nc6 7.d3 Be7 8.O-O g5 9.a4
a5 10.Nb5 g4 11.Nd2 Be6 12.b3 Qd7 13.Nc4 Nd5 14.Bb2 f6 15.d4 O-O-O 16.e4

[Event "2. Bundesliga West 2009/20010"]
[Site "Kufstein"]
[Date "2009.11.29"]
[Round "6"]
[Board "4"]
[White "Besner, Bernhard"]
[Black "Kleissl, Helmut"]
[Result "1-0"]
[WhiteElo "2150"]
[BlackElo "2271"]
[PlyCount "45"]
[EventDate "2009.10.23"]
[EventType "team"]
[EventRounds "11"]
[EventCountry "AUT"]
[WhiteTeam "ASK Salzburg"]
[BlackTeam "Sparkasse Jenbach II"]

1.e4 d6 2.d4 Nf6 3.Nc3 Nbd7 4.Nf3 e5 5.Bc4 Be7 6.O-O O-O 7.Re1 c6 8.a4 a5 9.Ba2
exd4 10.Nxd4 Nc5 11.Qf3 Be6 12.Nf5 Bxf5 13.Qxf5 Qb6 14.Rb1 Rae8 15.Be3 Nfd7
16.Bf4 Qb4 17.Re3 Ne5 18.Rh3 Ng6 19.Qh5 Bh4 20.Bxd6 Rxe4 21.Bxc5 Qxb2 22.Nxe4
Qxa2 23.Re1

[Event "2. Bundesliga West 2009/20010"]
[Site "Kufstein"]
[Date "2009.11.29"]
[Round "6"]
[Board "5"]
[White "Hoellrigl, Wilfried"]
[Black "Scheiblmaier, Robert"]
[Result "1-0"]
[WhiteElo "2223"]
[BlackElo "2095"]
[PlyCount "88"]
[EventDate "2009.10.23"]
[EventType "team"]
[EventRounds "11"]
[EventCountry "AUT"]
[WhiteTeam "Sparkasse Jenbach II"]
[BlackTeam "ASK Salzburg"]

1.e4 e6 2.d4 d5 3.e5 c5 4.c3 Qb6 5.Nf3 Nc6 6.a3 c4 7.Be2 Na5 8.Nbd2 Bd7 9.O-O
Ne7 10.Rb1 h6 11.Qc2 Nb3 12.Bxc4 Nxd2 13.Nxd2 Rc8 14.Bd3 Nc6 15.Qd1 Na5 16.b4
Nc4 17.Nxc4 dxc4 18.Be4 Bc6 19.Qe2 Bxe4 20.Qxe4 Qc6 21.Qxc6+ Rxc6 22.b5 Rc8
23.a4 Be7 24.Be3 O-O 25.f4 g6 26.g4 f5 27.exf6 Rxf6 28.Kg2 Bd6 29.Rf3 Rd8
30.Rbf1 Kh7 31.h3 Rf7 32.Bd2 h5 33.Be3 Re7 34.gxh5 gxh5 35.Rg3 Rg7 36.Rxg7+ Kxg7
37.Kf3 e5 38.Ke4 exf4 39.Bxf4 Bxf4 40.Rxf4 Re8+ 41.Kd5 Re3 42.Kxc4 Rxh3 43.d5
Re3 44.d6 Re8

[Event "2. Bundesliga West 2009/20010"]
[Site "Kufstein"]
[Date "2009.11.29"]
[Round "6"]
[Board "1"]
[White "Dizdar, Goran"]
[Black "Sergeev, Vladimir"]
[Result "1/2-1/2"]
[WhiteElo "2563"]
[BlackElo "2447"]
[PlyCount "63"]
[EventDate "2009.10.23"]
[EventType "team"]
[EventRounds "11"]
[EventCountry "AUT"]
[WhiteTeam "SC Absam"]
[BlackTeam "Dornbirn"]

1.Nf3 Nf6 2.c4 c6 3.d4 d5 4.e3 Bg4 5.h3 Bxf3 6.Qxf3 e6 7.Nc3 Nbd7 8.Bd2 g6
9.cxd5 exd5 10.Bd3 Bg7 11.g4 Nb6 12.g5 Nfd7 13.h4 Qe7 14.O-O-O O-O-O 15.Kb1 Kb8
16.h5 Rhe8 17.Bc1 Ka8 18.Qg3 Nf8 19.f4 Ne6 20.Rhg1 c5 21.f5 gxf5 22.Bxf5 a6
23.Ne2 Nf8 24.Nf4 Nc4 25.Qg2 cxd4 26.exd4 Qd6 27.Qf3 Qb6 28.Nxd5 Qc6 29.Bd3 Bxd4
30.Bxc4 Qxc4 31.Rxd4 Qxd4 32.Rd1

[Event "2. Bundesliga West 2009/20010"]
[Site "Kufstein"]
[Date "2009.11.29"]
[Round "6"]
[Board "2"]
[White "Novkovic, Julia"]
[Black "Duer, Werner"]
[Result "1/2-1/2"]
[WhiteElo "2116"]
[BlackElo "2250"]
[PlyCount "120"]
[EventDate "2009.10.23"]
[EventType "team"]
[EventRounds "11"]
[EventCountry "AUT"]
[WhiteTeam "Dornbirn"]
[BlackTeam "SC Absam"]

1.e4 c6 2.Nc3 d5 3.Nf3 Bg4 4.h3 Bh5 5.exd5 cxd5 6.Bb5+ Nc6 7.g4 Bg6 8.Ne5 Rc8
9.h4 f6 10.Nxg6 hxg6 11.d4 e6 12.Bd3 f5 13.Ne2 Bd6 14.gxf5 gxf5 15.Rg1 Kf7
16.Bg5 Nf6 17.c3 Qb6 18.f3 Na5 19.Qc2 g6 20.O-O-O Nh5 21.Rg2 Qc7 22.Kb1 a6
23.Rdg1 Rcg8 24.Qd2 b5 25.Bh6 Qd8 26.Bg5 Qc7 27.Bh6 Qd8 28.Bg5 Qc7 29.Nc1 Nc4
30.Qe1 Bh2 31.Rh1 Bg3 32.Qd1 Bf4 33.Re1 Bxg5 34.Rxg5 Nf4 35.Rh1 Rh5 36.Qe1 Rgh8
37.Rxh5 Nxh5 38.Ne2 Nd6 39.Qd2 Ne8 40.Qg5 Nef6 41.Rg1 Rg8 42.Rg2 Rg7 43.a4 bxa4
44.Bxa6 Nd7 45.Qd2 Nb6 46.Bb5 Nc4 47.Bxc4 Qxc4 48.Nc1 Qf1 49.Rf2 Qg1 50.Rg2 Qh1
51.Qg5 Nf4 52.Rg1 Qxf3 53.Re1 a3 54.Qd8 Qf2 55.Qc7+ Kg8 56.Qb8+ Kh7 57.Rh1 axb2
58.Qxb2 Qf3 59.Rh2 Qe4+ 60.Qc2 Rb7+

[Event "2. Bundesliga West 2009/20010"]
[Site "Kufstein"]
[Date "2009.11.29"]
[Round "6"]
[Board "3"]
[White "Gerhold, Michael"]
[Black "Karrer, Damian"]
[Result "0-1"]
[WhiteElo "2241"]
[BlackElo "2159"]
[PlyCount "142"]
[EventDate "2009.10.23"]
[EventType "team"]
[EventRounds "11"]
[EventCountry "AUT"]
[WhiteTeam "SC Absam"]
[BlackTeam "Dornbirn"]

1.c4 e5 2.Nc3 Nf6 3.g3 c6 4.d4 exd4 5.Qxd4 d5 6.Bg2 dxc4 7.Qxc4 Be6 8.Qa4 Nbd7
9.Nf3 Bc5 10.O-O O-O 11.Qc2 h6 12.b3 Re8 13.Bb2 Qe7 14.Rad1 Rad8 15.h3 Nf8 16.e3
Nd5 17.Ne2 Bb6 18.Ned4 Qc5 19.Qxc5 Bxc5 20.Nxe6 Nxe6 21.a3 Be7 22.Nd4 Nec7
23.Nf5 Bf8 24.e4 Nb6 25.a4 g6 26.Ne3 Bg7 27.Bxg7 Kxg7 28.a5 Nc8 29.Nc4 Nb5 30.e5
Ne7 31.Rfe1 Nd5 32.f4 a6 33.Rd3 Ndc3 34.Rxd8 Rxd8 35.Re3 Rd1+ 36.Kh2 Nd5 37.Bxd5
Rxd5 38.h4 Kf8 39.h5 gxh5 40.e6 Ke7 41.exf7+ Kxf7 42.Kh3 Nd4 43.Rd3 Nf5 44.Rc3
Ke6 45.b4 Rd4 46.Ne3 Rxb4 47.Nxf5 Kxf5 48.Rc5+ Kg6 49.Re5 Rb5 50.Re6+ Kg7 51.Kh4
c5 52.Re7+ Kg6 53.Rc7 Rb1 54.Kh3 Rb5 55.Kh4 c4 56.Rxc4 Rxa5 57.Rd4 Rf5 58.Rd8 a5
59.Ra8 b6 60.Ra7 Rf6 61.Ra8 Rf5 62.Ra7 b5 63.Ra6+ Rf6 64.Rxa5 Rb6 65.Ra3 b4
66.Rb3 Rb5 67.Kh3 Kf5 68.Kh4 Ke4 69.f5 Kd4 70.Rf3 b3 71.f6 b2

[Event "2. Bundesliga West 2009/20010"]
[Site "Kufstein"]
[Date "2009.11.29"]
[Round "6"]
[Board "4"]
[White "Langwieser, Alexander"]
[Black "Embacher, Gregor"]
[Result "0-1"]
[WhiteElo "2049"]
[BlackElo "2149"]
[PlyCount "82"]
[EventDate "2009.10.23"]
[EventType "team"]
[EventRounds "11"]
[EventCountry "AUT"]
[WhiteTeam "Dornbirn"]
[BlackTeam "SC Absam"]

1.e4 Nf6 2.e5 Nd5 3.d4 d6 4.c4 Nb6 5.exd6 exd6 6.Be3 Be7 7.Bd3 Bf6 8.Nc3 Nc6
9.Be2 O-O 10.Ne4 Be7 11.Ng3 d5 12.c5 Nc4 13.Bxc4 dxc4 14.Nf3 Bg4 15.O-O Qd5
16.h3 Bxf3 17.Qxf3 Qxf3 18.gxf3 Rfd8 19.Rac1 Bf6 20.Rxc4 Bxd4 21.Bxd4 Rxd4
22.Rxd4 Nxd4 23.Kg2 Ne6 24.c6 bxc6 25.Rd1 Rb8 26.b3 Rb5 27.Ne4 Rd5 28.Nc3 Rd6
29.Kg3 Kf8 30.f4 Nd4 31.Kg2 f5 32.Na4 Ne6 33.Rxd6 cxd6 34.Kf3 Ke7 35.Nb2 Nd4+
36.Ke3 Nc2+ 37.Kd2 Nb4 38.a3 Nd5 39.Nd3 Kf6 40.b4 g5 41.fxg5+ Kxg5

[Event "2. Bundesliga West 2009/20010"]
[Site "Kufstein"]
[Date "2009.11.29"]
[Round "6"]
[Board "5"]
[White "Natter, Siegfried"]
[Black "Kessler, Michaela"]
[Result "1-0"]
[WhiteElo "2262"]
[BlackElo "1913"]
[PlyCount "65"]
[EventDate "2009.10.23"]
[EventType "team"]
[EventRounds "11"]
[EventCountry "AUT"]
[WhiteTeam "SC Absam"]
[BlackTeam "Dornbirn"]

1.e4 c5 2.Nc3 a6 3.f4 b5 4.Nf3 Bb7 5.d3 e6 6.g3 d6 7.Bg2 Nf6 8.O-O Qc7 9.e5 Nfd7
10.Qe2 d5 11.f5 Nc6 12.fxe6 fxe6 13.Bf4 Qb6 14.Rae1 O-O-O 15.Ng5 Nd4 16.Qd1 Re8
17.Nf7 Rg8 18.Be3 h6 19.Bxd4 cxd4 20.Nb1 Kb8 21.Nd2 a5 22.Qg4 Bb4 23.Re2 Qc7
24.Nb3 Nf6 25.exf6 Qxf7 26.Qxd4 gxf6 27.Rxf6 Qd7 28.c3 Bd6 29.Nxa5 Bc7 30.Nxb7
Kxb7 31.Qf2 Rg7 32.d4 Ree7 33.Qe1

[Event "2. Bundesliga West 2009/20010"]
[Site "Kufstein"]
[Date "2009.11.29"]
[Round "6"]
[Board "6"]
[White "Ruescher, Christian"]
[Black "Ferrari, Josef"]
[Result "1/2-1/2"]
[WhiteElo "1984"]
[BlackElo "2119"]
[PlyCount "60"]
[EventDate "2009.10.23"]
[EventType "team"]
[EventRounds "11"]
[EventCountry "AUT"]
[WhiteTeam "Dornbirn"]
[BlackTeam "SC Absam"]

1.Nf3 Nf6 2.b4 g6 3.Bb2 Bg7 4.e4 d6 5.Bc4 O-O 6.d3 c6 7.Nbd2 b5 8.Bb3 a5 9.bxa5
Qxa5 10.O-O Qc7 11.e5 dxe5 12.Bxe5 Qb6 13.Qe2 e6 14.Rae1 Nbd7 15.Ba1 Nc5 16.Bd4
Nfd7 17.Bxg7 Kxg7 18.Ne4 Nxb3 19.axb3 c5 20.h4 Bb7 21.Qe3 Qc7 22.Ng3 Ra2 23.Re2
Qd6 24.h5 Rfa8 25.Ng5 Ra1 26.Ree1 Rxe1 27.Rxe1 Qd4 28.Qxd4+ cxd4 29.hxg6 hxg6
30.Ne2 e5

[Event "2. Bundesliga West 2009/20010"]
[Site "Kufstein"]
[Date "2009.11.29"]
[Round "6"]
[Board "1"]
[White "Bertagnolli, Alexander"]
[Black "Froewis, Georg"]
[Result "1-0"]
[WhiteElo "2332"]
[BlackElo "2220"]
[PlyCount "43"]
[EventDate "2009.10.23"]
[EventType "team"]
[EventRounds "11"]
[EventCountry "AUT"]
[WhiteTeam "Rochade Rum"]
[BlackTeam "Hohenems II"]

1.d4 d5 2.Nc3 e6 3.Nf3 Nf6 4.Bg5 Nbd7 5.e4 h6 6.Bxf6 Nxf6 7.exd5 exd5 8.Bd3 Be7
9.Qd2 Be6 10.O-O-O c6 11.Rde1 Qa5 12.Rxe6 fxe6 13.Bg6+ Kd7 14.Re1 Bb4 15.Qe3
Rhe8 16.Ne5+ Kc7 17.Qg3 Kb6 18.Bxe8 Rxe8 19.Qxg7 Bxc3 20.bxc3 Qa3+ 21.Kd2 Qe7
22.Qxf6

[Event "2. Bundesliga West 2009/20010"]
[Site "Kufstein"]
[Date "2009.11.29"]
[Round "6"]
[Board "2"]
[White "Novkovic, Milan"]
[Black "Gatterer, Florian"]
[Result "1-0"]
[WhiteElo "2393"]
[BlackElo "2323"]
[PlyCount "125"]
[EventDate "2009.10.23"]
[EventType "team"]
[EventRounds "11"]
[EventCountry "AUT"]
[WhiteTeam "Hohenems II"]
[BlackTeam "Rochade Rum"]

1.d4 d5 2.Nf3 Nf6 3.c4 c6 4.e3 Bg4 5.Be2 e6 6.O-O Nbd7 7.b3 Be7 8.Bb2 O-O 9.Nbd2
Qb8 10.a3 Qc7 11.Qc2 Bf5 12.Bd3 Bxd3 13.Qxd3 Rfe8 14.Rac1 Rac8 15.Rfd1 Qb8 16.b4
h6 17.Ne5 Nxe5 18.dxe5 Nd7 19.f4 Red8 20.e4 dxe4 21.Qxe4 Nf8 22.Nb3 Rxd1+
23.Rxd1 Rd8 24.Rxd8 Qxd8 25.Qd4 Qxd4+ 26.Bxd4 b6 27.c5 Bd8 28.cxb6 axb6 29.a4
Nd7 30.Kf2 Kf8 31.Ke3 Ke8 32.Kd3 Nb8 33.Kc4 Kd7 34.Bc3 Be7 35.Bd4 Kc7 36.Nd2 Na6
37.Bc3 Nb8 38.Ne4 g6 39.g3 h5 40.Bd2 Na6 41.Bc3 Kd7 42.h3 Nb8 43.g4 hxg4 44.hxg4
Kc7 45.Nd6 Bxd6 46.exd6+ Kb7 47.g5 Nd7 48.b5 Nb8 49.Bf6 Nd7 50.Bd8 Nb8 51.Kb4
Nd7 52.Bxb6 Nxb6 53.a5 cxb5 54.Kxb5 Nd7 55.a6+ Kc8 56.a7 Kb7 57.a8=Q+ Kxa8
58.Kc6 Nb8+ 59.Kc7 Na6+ 60.Kc8 Nc5 61.d7 Nxd7 62.Kxd7 Kb7 63.Ke7

[Event "2. Bundesliga West 2009/20010"]
[Site "Kufstein"]
[Date "2009.11.29"]
[Round "6"]
[Board "3"]
[White "Eybl, Alexander"]
[Black "Atlas, Dimitry"]
[Result "1/2-1/2"]
[WhiteElo "2259"]
[BlackElo "2330"]
[PlyCount "63"]
[EventDate "2009.10.23"]
[EventType "team"]
[EventRounds "11"]
[EventCountry "AUT"]
[WhiteTeam "Rochade Rum"]
[BlackTeam "Hohenems II"]

1.c4 c6 2.Nf3 d5 3.d4 e6 4.Qc2 Nd7 5.e3 Ngf6 6.Nc3 Bd6 7.b3 O-O 8.Be2 b6 9.O-O
Bb7 10.Bb2 c5 11.Rac1 Rc8 12.cxd5 cxd4 13.Nxd4 Nxd5 14.Qd1 Ne5 15.Nxd5 Rxc1
16.Qxc1 Bxd5 17.f4 Nd7 18.Bf3 Qa8 19.Nb5 Bxf3 20.Rxf3 Bb8 21.Qc3 e5 22.Qc4 Qb7
23.fxe5 Nxe5 24.Bxe5 Bxe5 25.Nd4 Qc7 26.Qxc7 Bxc7 27.Rf2 Bd6 28.g3 Re8 29.Rc2
Bc5 30.Kf2 g6 31.Rc4 a5 32.Nc2

[Event "2. Bundesliga West 2009/20010"]
[Site "Kufstein"]
[Date "2009.11.29"]
[Round "6"]
[Board "4"]
[White "Burschowsky, Matthias"]
[Black "Hengl, Christian"]
[Result "1/2-1/2"]
[WhiteElo "2214"]
[BlackElo "2225"]
[PlyCount "120"]
[EventDate "2009.10.23"]
[EventType "team"]
[EventRounds "11"]
[EventCountry "AUT"]
[WhiteTeam "Hohenems II"]
[BlackTeam "Rochade Rum"]

1.Nf3 d5 2.c4 c6 3.b3 Nf6 4.Bb2 Bf5 5.d3 Nbd7 6.Nbd2 h6 7.g3 e6 8.Bg2 Be7 9.O-O
O-O 10.a3 a6 11.b4 Bh7 12.Rc1 Rc8 13.Re1 b5 14.c5 a5 15.Nb3 a4 16.Na5 Qc7 17.Nd4
Nb8 18.e4 Rfd8 19.e5 Nfd7 20.Qd2 Nf8 21.f4 Qd7 22.Bh3 Re8 23.Re3 Kh8 24.Rce1 Bd8
25.Bg4 Qa7 26.Naxc6 Rxc6 27.Nxb5 Qd7 28.Nd6 Re7 29.Rf3 Bf5 30.h3 Kh7 31.Kg2 g6
32.Rf2 Rxd6 33.exd6 Re8 34.Bf3 Qb5 35.Re3 Nc6 36.g4 d4 37.gxf5 dxe3 38.fxg6+
Nxg6 39.Qxe3 Rg8 40.Kh2 Nxb4 41.axb4 Qxb4 42.d4 Nh4 43.Be4+ f5 44.Bc6 Bf6 45.Qc3
Qb8 46.Rf1 Qc8 47.Bf3 Qa6 48.Rf2 Qa7 49.Rg2 Bxd4 50.Qd3 Rxg2+ 51.Bxg2 Qg7 52.Qe2
Bxb2 53.c6 Bc1 54.c7 Bxf4+ 55.Kg1 Qd7 56.Qc2 Qc8 57.Bb7 Qxb7 58.c8=Q Be3+ 59.Kh2
Bf4+ 60.Kg1 Be3+